| 000 | 00564nam a22001577a 4500 | ||
|---|---|---|---|
| 040 | _cNUST | ||
| 082 | _a200 | ||
| 100 |
_aMuhammad Kamran Khalid _917779 |
||
| 110 |
_aSupervisor: Dr. Syed Tasweer Hussain Shah _995941 |
||
| 245 | _aExploring Audit Fatigue in Light of Sustainable Supply Chains: A Case of Pakistani Textile Sector/ | ||
| 260 |
_aRawalpindi: _bNUST COLLEGE OF EME, _c2021. |
||
| 300 |
_a267,p; _bill; _c30,cm. |
||
| 650 |
_a PhD-ENGINEERING MANAGEMENT _9124516 |
||
| 856 | _uhttp://10.250.8.41:8080/xmlui/handle/123456789/35536 | ||
| 942 |
_2ddc _cSC |
||
| 999 |
_c586693 _d586693 |
||